| 000 | 00572nam a22001577a 4500 | ||
|---|---|---|---|
| 003 | OSt | ||
| 005 | 20151103104730.0 | ||
| 008 | 151103b xxu||||| |||| 00| 0 eng d | ||
| 040 | _cRUA | ||
| 082 | _aFOR PEN1996 B121 Or.1 | ||
| 100 |
_93253 _aPEN, VUTHY. |
||
| 245 | _acost analysis of lumber price in mekong region of cambodia (ការវិភាគតម្លៃនៃថ្លៃឈើអារនៅកម្ពុជាផ្នែក ភូមិភាគមេគង្គ) | ||
| 260 |
_aPhnom Penh _bRUA _c1996 |
||
| 300 |
_a61p. _bill. _c29cm. |
||
| 942 |
_2ddc _cFOR |
||
| 999 |
_c3037 _d3037 |
||